ՀՀ Գիտությունների ազգային ակադեմիայի հիմնարար գիտական գրադարան  =   Fundamental Scientific Library of NAS RA

Борцы : (Record no. 326203)

MARC details
000 -LEADER
fixed length control field 00662nam a2200193 a 4500
001 - CONTROL NUMBER
control field 000978551
003 - CONTROL NUMBER IDENTIFIER
control field AM-YeHGA
005 - DATE AND TIME OF LATEST TRANSACTION
control field 20250617150204.0
008 - FIXED-LENGTH DATA ELEMENTS--GENERAL INFORMATION
fixed length control field 130815s1974 ||| r 000 0 rus d
040 ## - CATALOGING SOURCE
Original cataloging agency AM-YeHGA
041 0# - LANGUAGE CODE
Language code of text/sound track or separate title rus
090 ## - LOCALLY ASSIGNED LC-TYPE CALL NUMBER (OCLC); LOCAL CALL NUMBER (RLIN)
-- 327950
100 1# - MAIN ENTRY--PERSONAL NAME
Personal name Порфирьев, Борис Александрович
245 10 - TITLE STATEMENT
Title Борцы :
Remainder of title Роман /
Statement of responsibility, etc. Борис Порфирьев; Худож. Б.М. Косульников.
260 ## - PUBLICATION, DISTRIBUTION, ETC.
Place of publication, distribution, etc. Горький :
Name of publisher, distributor, etc. Волго-Вят. кн. изд-во,
Date of publication, distribution, etc. 1974.
300 ## - PHYSICAL DESCRIPTION
Extent 350 с.
653 0# - INDEX TERM--UNCONTROLLED
Uncontrolled term Советская литература
700 1# - ADDED ENTRY--PERSONAL NAME
Personal name Консульников, Б.М.
Relator term ил.
Relationship ill
Holdings
Withdrawn status Lost status Source of classification or shelving scheme Damaged status Not for loan Collection Home library Current library Date acquired Total checkouts Full call number Barcode Date last seen Price effective from Koha item type Public note
    Universal Decimal Classification     General Fundamental Scientific Library Fundamental Scientific Library 09/01/2017   PII/334221 FL0268360 09/01/2017 09/01/2017 Գրքեր / Books 30 Days Loan


ՀՀ ԳԱԱ հիմնարար գիտական գրադարան
ՀՀ,Երևան 0019
Մարշալ Բաղրամյան 24/6
հեռախոս:(374-10) 52-47-50
Հետադարձ կապ

All site content, except where otherwise noted, is licensed under a
Creative Commons License